बड़े घर की बेटी : (Record no. 118572)

MARC details
000 -LEADER
fixed length control field 01141nam a22002537a 4500
005 - DATE AND TIME OF LATEST TRANSACTION
control field 20170124103116.0
010 ## - LIBRARY OF CONGRESS CONTROL NUMBER
LC control number B-076489
020 ## - INTERNATIONAL STANDARD BOOK NUMBER
Terms of availability 100.00
035 ## - SYSTEM CONTROL NUMBER
System control number B-076489
037 ## - SOURCE OF ACQUISITION
Source of stock number/acquisition Cen Lib/Ret
040 ## - CATALOGING SOURCE
Original cataloging agency DPL
Language of cataloging HN
082 ## - DEWEY DECIMAL CLASSIFICATION NUMBER
Classification number
Item number प्रेमचंद
100 ## - MAIN ENTRY--PERSONAL NAME
Personal name प्रेमचंद, मुंशी
9 (RLIN) 80911
245 ## - TITLE STATEMENT
Title बड़े घर की बेटी :
Statement of responsibility, etc मुंशी प्रेमचंद
Remainder of title एक से बढ़कर एक कहानियां /
246 ## - VARYING FORM OF TITLE
Title proper/short title bade ghar ki beti : ek se bahkar ek kahaniyan /
Remainder of title Munshi Premchand
260 ## - PUBLICATION, DISTRIBUTION, ETC. (IMPRINT)
Place of publication, distribution, etc मथुरा
Name of publisher, distributor, etc विवेक प्रकाशन
Date of publication, distribution, etc 2002
270 ## - ADDRESS
Address भाषा भवन मार्ग, कच्ची सड़क
City मथुरा
Postal code 281001
300 ## - PHYSICAL DESCRIPTION
Extent 112पृ. :
Dimensions 21सेमी(सजिल्द )
Other physical details सचित्र
650 ## - SUBJECT ADDED ENTRY--TOPICAL TERM
Topical term or geographic name as entry element साहित्य--कहानियां
General subdivision
Geographic subdivision
9 (RLIN) 80912
650 ## - SUBJECT ADDED ENTRY--TOPICAL TERM
Topical term or geographic name as entry element हिंदी कहानियां
9 (RLIN) 2082
650 ## - SUBJECT ADDED ENTRY--TOPICAL TERM
Topical term or geographic name as entry element Literature--Stories
Form subdivision
9 (RLIN) 80913
650 ## - SUBJECT ADDED ENTRY--TOPICAL TERM
Topical term or geographic name as entry element Hindi Stories
9 (RLIN) 80914
942 ## - ADDED ENTRY ELEMENTS (KOHA)
Source of classification or shelving scheme Dewey Decimal Classification
Koha item type Hindi Books
Classification part
Call number suffix प्रेमचंद
Holdings
Withdrawn status Lost status Damaged status Not for loan Home library Current library Date acquired Source of acquisition Cost, normal purchase price Total Checkouts Full call number Barcode Date last seen Copy number Cost, replacement price Price effective from Koha item type
        Central Library Central Library 11/09/2015 Cen Lib/Ret 100.00   क प्रेमचंद B-076489 11/09/2015 1 100.00 11/09/2015 Hindi Books

© Delhi Public Library
Hit Counter
free hit counter